|
|
|
|
| LEADER |
00000cam a22000004a 4500 |
| 001 |
musev2_97615 |
| 003 |
MdBmJHUP |
| 005 |
20230905053244.0 |
| 006 |
m o d |
| 007 |
cr||||||||nn|n |
| 008 |
170327s2017 wau o 00 0 eng d |
| 020 |
|
|
|a 9780295741352
|
| 020 |
|
|
|z 9780295741338
|
| 035 |
|
|
|a (OCoLC)979417359
|
| 040 |
|
|
|a MdBmJHUP
|c MdBmJHUP
|
| 100 |
1 |
|
|a Thrush, Coll-Peter,
|d 1970-
|
| 245 |
1 |
0 |
|a Native Seattle :
|b Histories from the Crossing-Over Place /
|c Coll Thrush ; foreword by William Cronon with a new preface by the author.
|
| 250 |
|
|
|a Updated edition.
|
| 250 |
|
|
|a Second edition.
|
| 264 |
|
1 |
|a Seattle, Wash. :
|b University of Washington Press,
|c 2017.
|
| 264 |
|
3 |
|a Baltimore, Md. :
|b Project MUSE,
|c 2022
|
| 264 |
|
4 |
|c ©2017.
|
| 300 |
|
|
|a 1 online resource (392 pages):
|b illustrations, maps
|
| 336 |
|
|
|a text
|b txt
|2 rdacontent
|
| 337 |
|
|
|a computer
|b c
|2 rdamedia
|
| 338 |
|
|
|a online resource
|b cr
|2 rdacarrier
|
| 490 |
0 |
|
|a Weyerhaeuser environmental books
|
| 505 |
0 |
0 |
|t The haunted city --
|t Terra miscognita --
|t Seattle Illahee --
|t Mr. Glover's imbricated city --
|t City of the changers --
|t The woven coast --
|t The changers, changed --
|t On the cusp of past and future --
|t Urban renewal in Indian territory --
|t The returning hosts --
|t An atlas of indigenous Seattle /
|r Coll Thrush and Nile Thompson ; maps by Amir Sheikh.
|
| 520 |
|
|
|a This updated edition of Native Seattle brings the indigenous story to the present day and puts the movement of recognizing Seattle's Native past into a broader context. Native Seattle focuses on the experiences of local indigenous communities on whose land Seattle grew, accounts of Native migrants to the city and the development of a multi-tribal urban community, as well as the role Native Americans have played in the narrative of Seattle.
|
| 588 |
|
|
|a Description based on print version record.
|
| 650 |
|
7 |
|a Manners and customs.
|2 fast
|0 (OCoLC)fst01007815
|
| 650 |
|
7 |
|a Indians of North America
|x Social life and customs.
|2 fast
|0 (OCoLC)fst00969907
|
| 650 |
|
7 |
|a Indians of North America
|x Antiquities.
|2 fast
|0 (OCoLC)fst00969645
|
| 650 |
|
7 |
|a Indians of North America.
|2 fast
|0 (OCoLC)fst00969633
|
| 650 |
|
7 |
|a Antiquities.
|2 fast
|0 (OCoLC)fst00810745
|
| 650 |
|
7 |
|a HISTORY
|x Native American.
|2 bisacsh
|
| 650 |
|
7 |
|a HISTORY
|z United States
|x State & Local
|x General.
|2 bisacsh
|
| 650 |
|
0 |
|a Indians of North America
|z Washington (State)
|z Seattle
|x Social life and customs.
|
| 650 |
|
0 |
|a Indians of North America
|z Washington (State)
|z Seattle
|x Antiquities.
|
| 650 |
|
0 |
|a Indians of North America
|z Washington (State)
|z Seattle
|x History.
|
| 651 |
|
7 |
|a Washington (State)
|z Seattle.
|2 fast
|0 (OCoLC)fst01204940
|
| 651 |
|
0 |
|a Seattle (Wash.)
|x Social life and customs.
|
| 651 |
|
0 |
|a Seattle (Wash.)
|x Antiquities.
|
| 651 |
|
0 |
|a Seattle (Wash.)
|x History.
|
| 655 |
|
7 |
|a History.
|2 fast
|0 (OCoLC)fst01411628
|
| 655 |
|
7 |
|a Electronic books.
|2 local
|
| 710 |
2 |
|
|a Project Muse.
|e distributor
|
| 830 |
|
0 |
|a Book collections on Project MUSE.
|
| 856 |
4 |
0 |
|z Texto completo
|u https://projectmuse.uam.elogim.com/book/97615/
|
| 945 |
|
|
|a Project MUSE - Custom Collection
|